Raising the bar (Record no. 82116)

MARC details
000 -LEADER
fixed length control field 01357cab a22002055a 4500
001 - CONTROL NUMBER
control field L149297
008 - FIXED-LENGTH DATA ELEMENTS--GENERAL INFORMATION
fixed length control field e2010 xxk 000 0 eng d
035 ## - SYSTEM CONTROL NUMBER
System control number (Sirsi) u149297
041 0# - LANGUAGE CODE
Language code of text/sound track or separate title eng
100 1# - MAIN ENTRY--PERSONAL NAME
Personal name Cope, Jonathan
245 00 - TITLE STATEMENT
Title Raising the bar
Remainder of title RICS surveyors acting as advocates
Medium [electronic resource]
260 ## - PUBLICATION, DISTRIBUTION, ETC.
Date of publication, distribution, etc. 2010
490 ## - SERIES STATEMENT
Series statement Construction Journal
Volume/sequential designation Feb-Mar 2010, 8-10(3)
520 ## - SUMMARY, ETC.
Summary, etc. The Dispute Resolution Professional Group felt that mandatory rules of conduct for surveyor-advocates were important because surveyor-advocates do frequently appear opposite solicitors and barristers. Those professions are subject to mandatory rules of conduct governing advocacy and with no mandatory rules applying to surveyor-advocates, there was a perception of lower professional standards. This could taint surveyor-advocates? submissions. To redress this imbalance, the Practice Statement (PS) requires surveyor-advocates to comply with the same fundamental principles as solicitors and barristers. [see L145697]
590 ## - LOCAL NOTE (RLIN)
Local note KA
651 #4 - SUBJECT ADDED ENTRY--GEOGRAPHIC NAME
Geographic name United Kingdom
Chronological subdivision
690 ## - LOCAL SUBJECT ADDED ENTRY--TOPICAL TERM (OCLC, RLIN)
Topical term or geographic name as entry element MANAGEMENT-DISPUTE AVOIDANCE, MANAGEMENT AND RESOLUTION-DISPUTE MANAGEMENT AND RESOLUTION-EXPERT WITNESSES
856 48 - ELECTRONIC LOCATION AND ACCESS
Uniform Resource Identifier <a href="https://www.rics.org/site/download_feed.aspx?fileID=5762&fileExtension=PDF">https://www.rics.org/site/download_feed.aspx?fileID=5762&fileExtension=PDF</a>
Public note View this item (member-only access) at www.rics.org
942 ## - ADDED ENTRY ELEMENTS (KOHA)
Suppress in OPAC 0
Holdings
Withdrawn status Lost status Source of classification or shelving scheme Damaged status Not for loan Home library Current library Shelving location Date acquired Total Checkouts Full call number Barcode Date last seen Copy number Price effective from Koha item type
    Dewey Decimal Classification     Virtual Virtual Online 18/02/2010   ONLINE PUBLICATION 149297-2001 06/08/2019 1 06/08/2019 Journal article